Geospatial analysis of geotechnical parameters of risalpur cantoment (Record no. 553704)
[ view plain ]
| 000 -LEADER | |
|---|---|
| fixed length control field | 00427nam a22001457a 4500 |
| 082 ## - DEWEY DECIMAL CLASSIFICATION NUMBER | |
| Classification number | P677 |
| 100 ## - MAIN ENTRY--PERSONAL NAME | |
| Personal name | NS Hasseb Ahmed syn#20 |
| 9 (RLIN) | 50951 |
| 245 ## - TITLE STATEMENT | |
| Title | Geospatial analysis of geotechnical parameters of risalpur cantoment |
| 260 ## - PUBLICATION, DISTRIBUTION, ETC. | |
| Place of publication, distribution, etc. | Rsiaplur, |
| Name of publisher, distributor, etc. | MCE, |
| Date of publication, distribution, etc. | 2016. |
| 300 ## - PHYSICAL DESCRIPTION | |
| Extent | 72p. |
| 526 ## - STUDY PROGRAM INFORMATION NOTE | |
| Program name | 0 |
| Interest level | 0 |
| Reading level | 0 |
| Title point value | P_677_000000000000000 |
| 526 ## - STUDY PROGRAM INFORMATION NOTE | |
| Program name | 0 |
| Interest level | 0 |
| Reading level | 0 |
| Title point value | P_677_000000000000000 |
| 700 ## - ADDED ENTRY--PERSONAL NAME | |
| Personal name | Lt Col Dr Kamran |
| 9 (RLIN) | 50952 |
| 942 ## - ADDED ENTRY ELEMENTS (KOHA) | |
| Source of classification or shelving scheme | |
| Koha item type | Book |
| Withdrawn status | Lost status | Source of classification or shelving scheme | Damaged status | Not for loan | Permanent Location | Current Location | Date acquired | Total Checkouts | Full call number | Barcode | Date last seen | Date last checked out | Price effective from | Koha item type |
|---|---|---|---|---|---|---|---|---|---|---|---|---|---|---|
| Military College of Engineering (MCE) | Military College of Engineering (MCE) | 07/18/2016 | 1 | P677 | MCE-P-677 | 12/12/2019 | 10/21/2019 | 03/14/2021 | Book | |||||
| Military College of Engineering (MCE) | Military College of Engineering (MCE) | 07/18/2016 | P677 | MCE-P-678 | 07/18/2016 | 03/14/2021 | Book |
